000 00289nam a2200109Ia 4500
008 171211s9999 xx 000 0 und d
245 _aFreisteller & Bildmontage
245 _cCharlie Dombrow
260 _c2017
650 _xHobbies
856 _uhttp://down.ebook777.com/065/364560426X.pdf
999 _c350314
_d350314